La Experiencia Americana : (Record no. 9640)

000 -CABECERA
fixed length control field 00758nam a22002057a 4500
003 - IDENTIFICADOR DEL NÚMERO DE CONTROL
control field AR-CdUCM
008 - DATOS DE LONGITUD FIJA--INFORMACIÓN GENERAL
fixed length control field 190328b ||||| |||| 00| 0 spa d
040 ## - FUENTE DE LA CATALOGACIÓN
Agencia/entidad que catalogó originalmente la obra MUNICIPALIDAD PROVINCIAL DEL CUSCO
Entidad que transcribió la catalogación BIBLIOTECA MUNICIPAL DEL CUSCO
082 ## - NÚMERO DE LA CLASIFICACIÓN DECIMAL DEWEY
No. de Clasificación 027.573 /
Notacion interna M13
100 ## - ENTRADA PRINCIPAL--NOMBRE DE PERSONA
Nombre Personal Smith, Robert C.
245 ## - MENCIÓN DE TÍTULO
Título La Experiencia Americana :
Resto del título La Fundación Hispánica en la Biblioteca del Congreso /
260 ## - PUBLICACIÓN, DISTRIBUCIÓN, ETC.
Lugar de publicación, distribución, etc. Estados Unidos :
Nombre de la editorial, distribuidor, etc. United States Government Printing Office ;
Fecha de publicación, distribución, etc. 1940.
300 ## - DESCRIPCIÓN FÍSICA
Nº de Páginas Extensión 18 páginas ;
Otros detalles físicos Fotografías b/n
Dimensiones 25cm
505 ## - NOTA DE CONTENIDO CON FORMATO
Nota de contenido formateada Contenido: La Fundación Hispánica en la Biblioteca del Congreso
650 ## - PUNTO DE ACCESO ADICIONAL DE MATERIA--TÉRMINO DE MATERIA
Descriptor Fundación
9 (RLIN) 9095
650 ## - PUNTO DE ACCESO ADICIONAL DE MATERIA--TÉRMINO DE MATERIA
Descriptor Congreso
9 (RLIN) 12680
700 ## - PUNTO DE ACCESO ADICIONAL--NOMBRE DE PERSONA
Nombre Personal Smith, Robert C.
9 (RLIN) 25978
942 ## - ELEMENTOS DE PUNTO DE ACCESO ADICIONAL (KOHA)
Fuente de clasificación
Tipo de item Libros-BMC
945 ## - PROCESAMIENTO DE INFORMACIÓN LOCAL (OCLC)
Catalogador nom
Holdings
Estado de retiro (separado) Fuente de clasificación o esquema de estanterías Estado dañado Ubicación Sala donde se ubica Nombre de la colección Fecha de adquisición o compra Costo, precio normal en soles Signatura topográfica Código de Barras Última vez visto (Koha) Tipo de ítem (Koha)
No     Sala Cusco Antiguo Sala Cusco Antiguo Book Cart 2019-03-28 15.00 027.573 / M13 SCA0000351 2019-03-28 Libros-BMC

Powered by Koha